| 000 | 00916nam a2200217Ii 4500 | ||
|---|---|---|---|
| 003 | JO-AjNU | ||
| 008 | 230605s9999||||xx |||||||||||||| ||und|| | ||
| 020 | _a9953-33-362-9 | ||
| 040 |
_aJO-AjNU _bara _erda _cJO-AjNU |
||
| 041 | _aara | ||
| 050 | 1 | 4 | _aQA76.15.2004 |
| 100 | 3 |
_aتأليف الكيلاني، تيسير, _eauthor _927527 |
|
| 245 | 0 | 0 | _aمعجم الكيلاني لمصطلحات الكومبيوتروالإنترنت: أنجليزي - أنجليزي - عربي = Al-Kilani dictionary of computer and Terminology : English-English-Arabic |
| 250 | _aط1 | ||
| 264 | 3 | 1 | _aبيروت،لبنان: مكتبة لبنان، 2004 |
| 300 | _a868ص | ||
| 336 |
_atext _btxt _2rdacontent |
||
| 337 |
_aunmediated _bn _2rdamedia |
||
| 338 |
_avolume _bnc _2rdacarrier |
||
| 650 | 4 |
_aالحاسبات الإلكترونية -- معجم مصطلحات -- الأنترنت -- معجم مصطلحات _927528 |
|
| 999 |
_aA10568 _c14136 _d14136 |
||